| 000 | 00929nam a22002652 4500 | ||
|---|---|---|---|
| 999 |
_c17248 _d17248 |
||
| 001 | 0000005058 | ||
| 003 | OSt8 | ||
| 005 | 20181006153706.0 | ||
| 008 | 070606s xx 000 0 eng d | ||
| 020 | _a8122423600 : | ||
| 040 |
_aKABU _cKABU |
||
| 050 | 0 |
_aQA76.758 _b.A34 2008 c. 1 |
|
| 100 | 1 | _aAggarwal, K. K. | |
| 245 | 1 | 0 |
_aSoftware engineering : _cK. K. Aggarwal, Yogesh Singh. |
| 250 | _a3rdd ed. | ||
| 260 |
_aNew Delhi : _bNew Age International, _c2008. |
||
| 300 |
_axix, 507 p. _eAccompanied by CD-ROM |
||
| 650 | 0 | _aSoftware engineering. | |
| 700 | 1 | _aSingh, Yogesh. | |
| 908 | _a070606 | ||
| 942 |
_2lcc _cBK _e3rd _hQA76.758 _i.A34 2008 c. 1 |
||